Election Days Quiz - Statistics

General Stats
  • This quiz has been taken 10 times
  • The average score is 4 of 15
Answer Stats
Question Answer % Correct
United States Tuesday
89%
Canada Monday
44%
Angola Friday
33%
Philippines Monday
33%
United Kingdom Thursday
33%
South Africa Wednesday
33%
Indonesia Wednesday
33%
New Zealand Saturday
22%
France Sunday
22%
Brazil Sunday
22%
Russia Sunday
11%
Japan Sunday
11%
Iran Thursday
11%
Denmark Tuesday
11%
Australia Saturday
0%
No matching quizzes found
Score Distribution
Percent of People with Each Score
Percentile by Number Answered
Your Score History
You have not taken this quiz